|
|
|
|
| LEADER |
01006pam a22002418a 4500 |
| 001 |
00000624 |
| 005 |
20171026081022.0 |
| 008 |
110322s2009 ||||||Viesd |
| 020 |
|
|
|c 320000
|
| 041 |
0 |
# |
|a Vie-Eng-Chi
|
| 082 |
1 |
4 |
|a 344.597 01
|b B450L
|
| 110 |
1 |
# |
|a Tổng liên đoàn lao động Việt Nam
|
| 245 |
0 |
0 |
|a Bộ luật lao động và văn bản hướng dẫn thi hành chế đọ đãi ngộ đối với cán bộ, công chức và người lao động làm việc tại Việt Nam
|
| 260 |
# |
# |
|a H.
|b Lao động
|c 2009
|
| 300 |
# |
# |
|a 705 tr.
|c 28 cm.
|
| 490 |
0 |
# |
|a Cẩm nang pháp luật
|
| 653 |
# |
# |
|a Luật lao động
|a Pháp luật
|a Việt Nam
|a Văn bản pháp quy
|
| 710 |
|
|
|a Tổng liên đoàn lao động việt nam
|
| 852 |
# |
# |
|b Kho đọc
|j KD.0000936
|
| 852 |
# |
# |
|j KD.0000936
|
| 910 |
|
|
|d 22/03/2011
|
| 980 |
# |
# |
|a Trung tâm Học liệu Lê Vũ Hùng, Trường Đại học Đồng Tháp
|